Statistics for Highest Rated Countries For Tourists

Click here to take the quiz!

General Stats

  • This quiz has been taken 48 times
    (20 since last reset)
  • The average score is 17 of 22

Answer Stats

Score/RatingCountry% Correct
5.4Spain
100%
5.1Canada
94%
5.4France
94%
5.4Germany
94%
5.1Italy
94%
5.3United States Of America
94%
4.8Netherlands
88%
4.6Sweden
88%
5.2United Kingdom
88%
5.1Australia
82%
4.9China
82%
5.4Japan
82%
4.6Norway
82%
5.0Austria
76%
4.6Denmark
76%
4.9Portugal
76%
4.7Mexico
71%
5.0Switzerland
71%
4.7New Zealand
59%
4.8South korea
53%
4.8Singapore
41%
4.6Luxembourg
24%

Score Distribution

Percentile by Number Answered

Percent of People with Each Score

Your Score History

You have not taken this quiz since the last reset